[Event "Elite Hotels Open 2025"]
[Site "Elite Stadshotellet, Växjö, Sweden"]
[Date "2025.02.07"]
[Round "3.13"]
[White "Eriksson, Lennarth"]
[Black "Reid, Gregor J M"]
[Result "0-1"]
[TimeControl "R1-4: 15 min + 5 sek, R5-8: 90 min + 30 sek"]
[WhiteElo "1928"]
[BlackElo "2237"]

1. d4 {[%clk 00:15:07]} {[%emt 00:00:03]} Nf6 {[%clk 00:15:07]} {[%emt
00:00:02]} 2. Bg5 {[%clk 00:15:06]} {[%emt 00:00:06]} g6 {[%clk 00:15:10]}
{[%emt 00:00:02]} 3. Bxf6 {[%clk 00:15:08]} {[%emt 00:00:04]} exf6 {[%clk
00:15:12]} {[%emt 00:00:01]} 4. e3 {[%clk 00:15:11]} {[%emt 00:00:04]} d5
{[%clk 00:15:06]} {[%emt 00:00:12]} 5. Nd2 {[%clk 00:15:02]} {[%emt 00:00:14]}
Bd6 {[%clk 00:14:58]} {[%emt 00:00:12]} 6. h4 {[%clk 00:15:02]} {[%emt
00:00:05]} h5 {[%clk 00:15:01]} {[%emt 00:00:02]} 7. c4 {[%clk 00:14:28]}
{[%emt 00:00:40]} dxc4 {[%clk 00:14:46]} {[%emt 00:00:19]} 8. Bxc4 {[%clk
00:14:07]} {[%emt 00:00:26]} f5 {[%clk 00:14:33]} {[%emt 00:00:19]} 9. Ngf3
{[%clk 00:13:50]} {[%emt 00:00:21]} Nd7 {[%clk 00:14:15]} {[%emt 00:00:22]} 10.
Ng5 {[%clk 00:12:37]} {[%emt 00:01:19]} O-O {[%clk 00:14:02]} {[%emt 00:00:17]}
11. Qb3 {[%clk 00:11:25]} {[%emt 00:01:18]} Qe7 {[%clk 00:13:08]} {[%emt
00:00:59]} 12. O-O-O {[%clk 00:11:02]} {[%emt 00:00:28]} b5 {[%clk 00:10:47]}
{[%emt 00:02:26]} 13. Bd5 {[%clk 00:09:24]} {[%emt 00:01:43]} Rb8 {[%clk
00:10:43]} {[%emt 00:00:09]} 14. Kb1 {[%clk 00:08:44]} {[%emt 00:00:45]} c5
{[%clk 00:10:20]} {[%emt 00:00:29]} 15. dxc5 {[%clk 00:07:57]} {[%emt
00:00:51]} Nxc5 {[%clk 00:10:11]} {[%emt 00:00:14]} 16. Qc2 {[%clk 00:07:52]}
{[%emt 00:00:10]} Bb7 {[%clk 00:08:45]} {[%emt 00:01:31]} 17. Nb3 {[%clk
00:07:15]} {[%emt 00:00:43]} Na4 {[%clk 00:07:42]} {[%emt 00:01:07]} 18. Bxb7
{[%clk 00:06:35]} {[%emt 00:00:44]} Rxb7 {[%clk 00:07:44]} {[%emt 00:00:03]} 19.
Qc6 {[%clk 00:05:35]} {[%emt 00:01:06]} Be5 {[%clk 00:07:06]} {[%emt 00:00:42]}
20. Nd4 {[%clk 00:04:38]} {[%emt 00:01:03]} Qb4 {[%clk 00:06:35]} {[%emt
00:00:36]} 21. Qc2 {[%clk 00:04:41]} {[%emt 00:00:02]} Rc7 {[%clk 00:06:00]}
{[%emt 00:00:40]} 22. Qb3 {[%clk 00:04:44]} {[%emt 00:00:02]} Qxb3 {[%clk
00:05:30]} {[%emt 00:00:36]} 23. axb3 {[%clk 00:04:31]} {[%emt 00:00:18]} Nc5
{[%clk 00:05:32]} {[%emt 00:00:03]} 24. Ngf3 {[%clk 00:04:16]} {[%emt
00:00:19]} Bf6 {[%clk 00:05:16]} {[%emt 00:00:19]} 25. Rc1 {[%clk 00:04:15]}
{[%emt 00:00:09]} Rfc8 {[%clk 00:05:06]} {[%emt 00:00:15]} 26. Rhd1 {[%clk
00:04:05]} {[%emt 00:00:14]} a6 {[%clk 00:04:55]} {[%emt 00:00:16]} 27. g3
{[%clk 00:03:49]} {[%emt 00:00:22]} Ne4 {[%clk 00:04:44]} {[%emt 00:00:16]} 28.
Rxc7 {[%clk 00:03:46]} {[%emt 00:00:08]} Rxc7 {[%clk 00:04:47]} {[%emt
00:00:02]} 29. Nc2 {[%clk 00:03:27]} {[%emt 00:00:24]} Nxf2 {[%clk 00:04:07]}
{[%emt 00:00:45]} 30. Rd6 {[%clk 00:03:31]} Be7 {[%clk 00:03:43]} {[%emt
00:00:29]} 31. Rxa6 {[%clk 00:03:29]} {[%emt 00:00:06]} Ne4 {[%clk 00:03:31]}
{[%emt 00:00:17]} 32. Rb6 {[%clk 00:03:20]} {[%emt 00:00:14]} Rc5 {[%clk
00:03:22]} {[%emt 00:00:14]} 33. Nfd4 {[%clk 00:03:11]} {[%emt 00:00:14]} Nxg3
{[%clk 00:03:18]} {[%emt 00:00:09]} 34. Rb8+ {[%clk 00:02:48]} {[%emt
00:00:28]} Kg7 {[%clk 00:03:20]} {[%emt 00:00:04]} 35. Rb7 {[%clk 00:02:49]}
{[%emt 00:00:04]} Re5 {[%clk 00:03:14]} {[%emt 00:00:09]} 36. Nxb5 {[%clk
00:02:45]} {[%emt 00:00:10]} Bxh4 {[%clk 00:03:13]} {[%emt 00:00:06]} 37. Nd6
{[%clk 00:02:43]} {[%emt 00:00:07]} Re7 {[%clk 00:02:58]} {[%emt 00:00:19]} 38.
Rb4 {[%clk 00:02:46]} {[%emt 00:00:04]} Bf6 {[%clk 00:02:45]} {[%emt 00:00:17]}
39. Rb8 {[%clk 00:02:34]} {[%emt 00:00:17]} h4 {[%clk 00:02:35]} {[%emt
00:00:15]} 40. Ne8+ {[%clk 00:02:22]} {[%emt 00:00:17]} Rxe8 {[%clk 00:02:39]}
{[%emt 00:00:02]} 41. Rxe8 {[%clk 00:02:25]} {[%emt 00:00:01]} h3 {[%clk
00:02:43]} 42. e4 {[%clk 00:01:54]} {[%emt 00:00:37]} h2 {[%clk 00:02:40]}
{[%emt 00:00:08]} 43. exf5 {[%clk 00:01:50]} {[%emt 00:00:09]} h1=Q+ {[%clk
00:02:39]} {[%emt 00:00:05]} 44. Re1 {[%clk 00:01:43]} {[%emt 00:00:12]} Qf3
{[%emt 00:00:11]} 0-1

[Event "Elite Hotels Open 2025"]
[Site "Elite Stadshotellet, Växjö, Sweden"]
[Date "2025.02.07"]
[Round "3.14"]
[White "Krantz, Christopher"]
[Black "Tops, Jonatan"]
[Result "1-0"]
[TimeControl "R1-4: 15 min + 5 sek, R5-8: 90 min + 30 sek"]
[WhiteElo "2215"]
[BlackElo "2020"]

1. d4 {[%clk 00:15:07]} {[%emt 00:00:02]} Nf6 {[%clk 00:15:10]} {[%emt
00:00:01]} 2. Nf3 {[%clk 00:15:09]} {[%emt 00:00:02]} g6 {[%clk 00:15:11]}
{[%emt 00:00:05]} 3. b3 {[%clk 00:15:08]} {[%emt 00:00:05]} d5 {[%clk
00:15:08]} {[%emt 00:00:08]} 4. Bb2 {[%clk 00:15:11]} {[%emt 00:00:02]} Bg7
{[%clk 00:15:06]} {[%emt 00:00:08]} 5. e3 {[%clk 00:15:12]} {[%emt 00:00:03]}
O-O {[%clk 00:14:46]} {[%emt 00:00:26]} 6. c4 {[%clk 00:15:14]} {[%emt
00:00:03]} c6 {[%clk 00:14:27]} {[%emt 00:00:25]} 7. Bd3 {[%clk 00:14:47]}
{[%emt 00:00:31]} Bg4 {[%clk 00:13:45]} {[%emt 00:00:47]} 8. Nbd2 {[%clk
00:14:48]} {[%emt 00:00:03]} a5 {[%clk 00:13:03]} {[%emt 00:00:49]} 9. a3
{[%clk 00:14:43]} {[%emt 00:00:08]} Na6 {[%clk 00:11:46]} {[%emt 00:01:23]} 10.
O-O {[%clk 00:14:37]} {[%emt 00:00:11]} Nc7 {[%clk 00:11:40]} {[%emt 00:00:11]}
11. h3 {[%clk 00:14:27]} {[%emt 00:00:16]} Bxf3 {[%clk 00:11:05]} {[%emt
00:00:40]} 12. Nxf3 {[%clk 00:14:28]} {[%emt 00:00:03]} e6 {[%clk 00:11:03]}
{[%emt 00:00:07]} 13. Qc2 {[%clk 00:13:48]} {[%emt 00:00:44]} Nce8 {[%clk
00:10:50]} {[%emt 00:00:19]} 14. c5 {[%clk 00:13:18]} {[%emt 00:00:35]} Nd7
{[%clk 00:08:15]} {[%emt 00:02:40]} 15. Ne5 {[%clk 00:12:57]} {[%emt 00:00:26]}
Nef6 {[%clk 00:07:59]} {[%emt 00:00:22]} 16. f4 {[%clk 00:11:57]} {[%emt
00:01:04]} Qc7 {[%clk 00:06:47]} {[%emt 00:01:18]} 17. b4 {[%clk 00:11:33]}
{[%emt 00:00:28]} Nxe5 {[%clk 00:05:09]} {[%emt 00:01:44]} 18. dxe5 {[%clk
00:10:23]} {[%emt 00:01:13]} Nd7 {[%clk 00:05:04]} {[%emt 00:00:11]} 19. e4
{[%clk 00:09:52]} {[%emt 00:00:35]} axb4 {[%clk 00:04:26]} {[%emt 00:00:44]} 20.
axb4 {[%clk 00:09:55]} {[%emt 00:00:02]} b6 {[%clk 00:04:30]} {[%emt 00:00:02]}
21. Bd4 {[%clk 00:07:49]} {[%emt 00:02:10]} b5 {[%clk 00:03:22]} {[%emt
00:01:13]} 22. exd5 {[%clk 00:07:20]} {[%emt 00:00:34]} exd5 {[%clk 00:03:25]}
{[%emt 00:00:02]} 23. Qb2 {[%clk 00:05:57]} {[%emt 00:01:24]} Rfe8 {[%clk
00:03:26]} {[%emt 00:00:08]} 24. Rxa8 {[%clk 00:05:14]} {[%emt 00:00:48]} Rxa8
{[%clk 00:03:27]} {[%emt 00:00:04]} 25. Ra1 {[%clk 00:04:54]} {[%emt 00:00:23]}
Ra7 {[%clk 00:02:15]} {[%emt 00:01:18]} 26. Ra3 {[%clk 00:04:29]} {[%emt
00:00:30]} Nf8 {[%clk 00:02:17]} {[%emt 00:00:04]} 27. Qa1 {[%clk 00:04:10]}
{[%emt 00:00:23]} Rxa3 {[%clk 00:02:06]} {[%emt 00:00:17]} 28. Qxa3 {[%clk
00:04:14]} {[%emt 00:00:02]} Ne6 {[%clk 00:01:30]} {[%emt 00:00:41]} 29. Be3
{[%clk 00:04:17]} Bh6 {[%clk 00:01:00]} {[%emt 00:00:35]} 30. g3 {[%clk
00:04:09]} {[%emt 00:00:13]} Qd7 {[%clk 00:01:04]} {[%emt 00:00:02]} 31. Bf2
{[%clk 00:03:29]} {[%emt 00:00:44]} Nc7 {[%clk 00:00:44]} {[%emt 00:00:25]} 32.
Bf1 {[%clk 00:02:49]} {[%emt 00:00:45]} Kf8 {[%clk 00:00:33]} {[%emt 00:00:17]}
33. Qa7 {[%clk 00:02:27]} {[%emt 00:00:26]} Ke7 {[%clk 00:00:32]} {[%emt
00:00:07]} 34. Qb8 {[%clk 00:02:11]} {[%emt 00:00:19]} Bf8 {[%clk 00:00:37]} 35.
Be2 {[%clk 00:01:37]} {[%emt 00:00:39]} h5 {[%emt 00:00:07]} 36. Bf3 {[%clk
00:01:27]} {[%emt 00:00:15]} Qd8 {[%clk 00:00:18]} {[%emt 00:00:23]} 37. Qb7
{[%clk 00:01:23]} {[%emt 00:00:09]} Qd7 {[%clk 00:00:17]} {[%emt 00:00:07]} 38.
Kg2 {[%clk 00:01:24]} {[%emt 00:00:03]} Bg7 {[%clk 00:00:20]} {[%emt 00:00:02]}
39. g4 {[%clk 00:01:14]} {[%emt 00:00:15]} f6 {[%clk 00:00:22]} {[%emt
00:00:03]} 40. Bh4 {[%clk 00:01:12]} {[%emt 00:00:07]} hxg4 {[%clk 00:00:17]}
{[%emt 00:00:10]} 41. Bxg4 {[%clk 00:00:59]} {[%emt 00:00:18]} Qd8 {[%clk
00:00:15]} {[%emt 00:00:07]} 42. Qxc6 {[%clk 00:00:54]} {[%emt 00:00:10]} d4
{[%clk 00:00:13]} {[%emt 00:00:08]} 43. exf6+ {[%clk 00:00:53]} {[%emt
00:00:05]} 1-0

[Event "Elite Hotels Open 2025"]
[Site "Elite Stadshotellet, Växjö, Sweden"]
[Date "2025.02.07"]
[Round "3.15"]
[White "Pinheiro Diamant, Jonatan"]
[Black "Sevastianov, Andrii"]
[Result "0-1"]
[TimeControl "R1-4: 15 min + 5 sek, R5-8: 90 min + 30 sek"]
[WhiteElo "1892"]
[BlackElo "2161"]

1. e4 {[%clk 00:15:07]} {[%emt 00:00:03]} e5 {[%clk 00:15:07]} {[%emt
00:00:02]} 2. Nf3 {[%clk 00:15:10]} {[%emt 00:00:02]} Nc6 {[%clk 00:15:09]}
{[%emt 00:00:03]} 3. Bb5 {[%clk 00:15:12]} {[%emt 00:00:03]} a6 {[%clk
00:15:12]} {[%emt 00:00:02]} 4. Ba4 {[%clk 00:15:15]} {[%emt 00:00:02]} Bc5
{[%clk 00:15:14]} {[%emt 00:00:03]} 5. O-O {[%clk 00:13:59]} {[%emt 00:01:21]}
Nge7 {[%clk 00:15:17]} {[%emt 00:00:02]} 6. c3 {[%clk 00:13:41]} {[%emt
00:00:22]} Ng6 {[%clk 00:15:21]} {[%emt 00:00:02]} 7. d4 {[%clk 00:13:11]}
{[%emt 00:00:35]} Ba7 {[%clk 00:15:23]} {[%emt 00:00:02]} 8. Bg5 {[%clk
00:12:26]} {[%emt 00:00:51]} f6 {[%clk 00:15:23]} {[%emt 00:00:05]} 9. Be3
{[%clk 00:12:21]} {[%emt 00:00:10]} O-O {[%clk 00:15:21]} {[%emt 00:00:07]} 10.
Nbd2 {[%clk 00:11:34]} {[%emt 00:00:52]} d6 {[%clk 00:14:38]} {[%emt 00:00:48]}
11. Bb3+ {[%clk 00:11:15]} {[%emt 00:00:25]} Kh8 {[%clk 00:14:41]} {[%emt
00:00:02]} 12. Re1 {[%clk 00:10:45]} {[%emt 00:00:35]} Nce7 {[%clk 00:13:59]}
{[%emt 00:00:45]} 13. Nf1 {[%clk 00:10:39]} {[%emt 00:00:12]} Bg4 {[%clk
00:11:07]} {[%emt 00:02:57]} 14. h3 {[%clk 00:10:20]} {[%emt 00:00:25]} Bxf3
{[%clk 00:11:05]} {[%emt 00:00:06]} 15. Qxf3 {[%clk 00:10:15]} {[%emt
00:00:09]} f5 {[%clk 00:10:39]} {[%emt 00:00:32]} 16. exf5 {[%clk 00:09:37]}
{[%emt 00:00:43]} Nxf5 {[%clk 00:10:37]} {[%emt 00:00:07]} 17. Qxb7 {[%clk
00:09:06]} {[%emt 00:00:36]} exd4 {[%clk 00:10:34]} {[%emt 00:00:08]} 18. cxd4
{[%clk 00:07:55]} {[%emt 00:01:17]} Bxd4 {[%clk 00:10:31]} {[%emt 00:00:07]} 19.
Bxd4 {[%clk 00:07:42]} {[%emt 00:00:18]} Nxd4 {[%emt 00:01:16]} 20. Qd5 {[%clk
00:06:34]} c5 {[%clk 00:09:36]} {[%emt 00:01:02]} 21. Ne3 {[%clk 00:06:07]}
{[%emt 00:00:31]} Nf4 {[%clk 00:06:29]} {[%emt 00:03:13]} 22. Qe4 {[%clk
00:05:55]} {[%emt 00:00:17]} Qh4 {[%clk 00:05:55]} {[%emt 00:00:39]} 23. Rf1
{[%clk 00:03:23]} {[%emt 00:02:37]} Nxh3+ {[%clk 00:05:45]} {[%emt 00:00:15]}
0-1

[Event "Elite Hotels Open 2025"]
[Site "Elite Stadshotellet, Växjö, Sweden"]
[Date "2025.02.07"]
[Round "3.16"]
[White "Frank, Anton"]
[Black "Ostensson, Julia"]
[Result "1/2-1/2"]
[TimeControl "R1-4: 15 min + 5 sek, R5-8: 90 min + 30 sek"]
[WhiteTitle "CM"]
[WhiteElo "2160"]
[BlackElo "1979"]

1. c4 {[%clk 00:15:07]} {[%emt 00:00:03]} Nf6 {[%clk 00:14:56]} {[%emt
00:00:15]} 2. g3 {[%clk 00:15:10]} {[%emt 00:00:02]} g6 {[%clk 00:14:59]}
{[%emt 00:00:02]} 3. Bg2 {[%clk 00:15:14]} Bg7 {[%clk 00:15:03]} {[%emt
00:00:02]} 4. Nc3 {[%clk 00:15:16]} {[%emt 00:00:02]} O-O {[%clk 00:15:06]}
{[%emt 00:00:02]} 5. d4 {[%clk 00:15:17]} {[%emt 00:00:05]} d6 {[%clk
00:15:10]} {[%emt 00:00:01]} 6. h3 {[%clk 00:15:20]} {[%emt 00:00:01]} c5
{[%clk 00:15:02]} {[%emt 00:00:13]} 7. e3 {[%clk 00:15:24]} Nc6 {[%clk
00:14:51]} {[%emt 00:00:16]} 8. Nge2 {[%clk 00:15:27]} {[%emt 00:00:02]} cxd4
{[%clk 00:14:28]} {[%emt 00:00:28]} 9. exd4 {[%clk 00:15:31]} {[%emt 00:00:01]}
e5 {[%clk 00:14:33]} 10. Be3 {[%clk 00:15:34]} Re8 {[%clk 00:14:14]} {[%emt
00:00:24]} 11. O-O {[%clk 00:15:01]} {[%emt 00:00:37]} Bf5 {[%clk 00:11:54]}
{[%emt 00:02:26]} 12. Rc1 {[%clk 00:14:25]} {[%emt 00:00:41]} h5 {[%clk
00:11:42]} {[%emt 00:00:18]} 13. dxe5 {[%clk 00:10:22]} {[%emt 00:04:08]} dxe5
{[%clk 00:10:46]} {[%emt 00:01:01]} 14. Qxd8 {[%clk 00:09:49]} {[%emt
00:00:38]} Rexd8 {[%clk 00:07:47]} {[%emt 00:03:03]} 15. Rfd1 {[%clk 00:09:11]}
{[%emt 00:00:43]} Rd3 {[%clk 00:05:53]} {[%emt 00:01:59]} 16. Rxd3 {[%clk
00:06:42]} {[%emt 00:02:34]} Bxd3 {[%clk 00:05:57]} 17. b3 {[%clk 00:06:46]}
{[%emt 00:00:01]} Bf5 {[%clk 00:05:28]} {[%emt 00:00:34]} 18. Rd1 {[%clk
00:06:41]} {[%emt 00:00:09]} e4 {[%clk 00:02:26]} {[%emt 00:03:09]} 19. Nd4
{[%clk 00:05:01]} {[%emt 00:01:44]} Rd8 {[%clk 00:00:25]} {[%emt 00:02:06]} 20.
Nxc6 {[%clk 00:04:27]} {[%emt 00:00:39]} Rxd1+ 21. Nxd1 {[%clk 00:04:31]} bxc6
{[%clk 00:00:33]} 22. Bxa7 {[%clk 00:04:28]} {[%emt 00:00:08]} Nd7 {[%clk
00:00:34]} {[%emt 00:00:05]} 23. Be3 {[%clk 00:04:01]} {[%emt 00:00:31]} Ne5
{[%clk 00:00:08]} {[%emt 00:00:31]} 24. a4 {[%clk 00:03:05]} {[%emt 00:01:01]}
Nd3 {[%clk 00:00:08]} {[%emt 00:00:06]} 25. a5 {[%clk 00:02:55]} {[%emt
00:00:14]} Nb4 {[%clk 00:00:12]} 26. Bd2 {[%clk 00:02:44]} {[%emt 00:00:16]}
Na6 {[%clk 00:00:07]} {[%emt 00:00:11]} 27. Ne3 {[%clk 00:02:42]} {[%emt
00:00:07]} c5 {[%clk 00:00:06]} {[%emt 00:00:06]} 28. g4 {[%clk 00:02:37]}
{[%emt 00:00:09]} hxg4 {[%clk 00:00:09]} {[%emt 00:00:02]} 29. hxg4 {[%clk
00:02:42]} Bc8 {[%clk 00:00:06]} {[%emt 00:00:08]} 30. Bxe4 {[%clk 00:02:44]}
{[%emt 00:00:03]} Kf8 {[%clk 00:00:06]} {[%emt 00:00:05]} 31. f3 {[%clk
00:02:26]} {[%emt 00:00:22]} Be5 {[%clk 00:00:09]} {[%emt 00:00:03]} 32. Nd5
{[%clk 00:02:23]} {[%emt 00:00:07]} f5 {[%clk 00:00:07]} {[%emt 00:00:07]} 33.
gxf5 {[%clk 00:02:05]} {[%emt 00:00:23]} gxf5 {[%clk 00:00:12]} 34. Bc2 {[%clk
00:02:01]} {[%emt 00:00:09]} Kf7 {[%clk 00:00:16]} {[%emt 00:00:01]} 35. Kf2
{[%clk 00:01:31]} {[%emt 00:00:35]} Be6 {[%clk 00:00:20]} 36. Nf4 {[%clk
00:01:15]} {[%emt 00:00:21]} Bc8 {[%clk 00:00:19]} {[%emt 00:00:06]} 37. Ne2
{[%clk 00:00:47]} {[%emt 00:00:32]} Ke6 {[%clk 00:00:24]} {[%emt 00:00:02]} 38.
Ng3 {[%clk 00:00:41]} {[%emt 00:00:11]} Kf6 {[%clk 00:00:25]} {[%emt 00:00:04]}
39. Nh5+ {[%clk 00:00:37]} {[%emt 00:00:08]} Ke6 {[%clk 00:00:19]} {[%emt
00:00:11]} 40. Nf4+ {[%clk 00:00:41]} {[%emt 00:00:01]} Kd6 {[%clk 00:00:20]}
{[%emt 00:00:04]} 41. Nd5 {[%clk 00:00:39]} {[%emt 00:00:07]} Be6 {[%clk
00:00:19]} {[%emt 00:00:07]} 42. Ne3 {[%clk 00:00:28]} {[%emt 00:00:15]} Bd4
{[%clk 00:00:20]} {[%emt 00:00:04]} 43. Ke2 {[%clk 00:00:31]} {[%emt 00:00:02]}
Ke5 {[%clk 00:00:22]} {[%emt 00:00:03]} 44. f4+ {[%clk 00:00:24]} {[%emt
00:00:12]} Kf6 {[%clk 00:00:09]} {[%emt 00:00:18]} 45. Nd5+ {[%clk 00:00:28]}
Kf7 {[%clk 00:00:09]} {[%emt 00:00:05]} 46. Kf3 {[%clk 00:00:20]} {[%emt
00:00:13]} Bc8 {[%clk 00:00:12]} 47. Nb6 {[%clk 00:00:22]} {[%emt 00:00:04]}
Bb7+ {[%clk 00:00:16]} {[%emt 00:00:02]} 48. Kg3 {[%clk 00:00:23]} {[%emt
00:00:03]} Ke6 {[%clk 00:00:16]} {[%emt 00:00:05]} 49. Kh4 {[%clk 00:00:25]}
{[%emt 00:00:03]} Bf6+ {[%clk 00:00:17]} {[%emt 00:00:03]} 50. Kg3 {[%clk
00:00:25]} {[%emt 00:00:06]} Bc6 {[%clk 00:00:15]} {[%emt 00:00:07]} 51. Bd1
{[%clk 00:00:26]} {[%emt 00:00:05]} Be4 {[%clk 00:00:16]} {[%emt 00:00:03]} 52.
Bf3 {[%clk 00:00:26]} {[%emt 00:00:05]} Bc2 {[%clk 00:00:19]} {[%emt 00:00:02]}
53. Bb7 {[%clk 00:00:26]} {[%emt 00:00:06]} Nc7 {[%clk 00:00:12]} {[%emt
00:00:11]} 54. b4 {[%clk 00:00:17]} {[%emt 00:00:14]} cxb4 {[%clk 00:00:15]}
{[%emt 00:00:03]} 55. Bxb4 {[%clk 00:00:21]} Be4 {[%clk 00:00:10]} {[%emt
00:00:10]} 56. a6 {[%clk 00:00:20]} {[%emt 00:00:06]} Bxb7 57. axb7 {[%clk
00:00:24]} Na6 {[%clk 00:00:15]} 58. c5 {[%clk 00:00:15]} {[%emt 00:00:14]} Bd8
{[%clk 00:00:18]} {[%emt 00:00:02]} 59. Na8 {[%clk 00:00:13]} {[%emt 00:00:07]}
Kd7 {[%clk 00:00:11]} {[%emt 00:00:12]} 60. Bc3 {[%clk 00:00:12]} {[%emt
00:00:06]} Kc6 {[%clk 00:00:09]} {[%emt 00:00:08]} 61. Nb6 {[%clk 00:00:07]}
{[%emt 00:00:10]} Kxb7 {[%clk 00:00:12]} 62. Bd4 {[%clk 00:00:09]} {[%emt
00:00:03]} Kc6 {[%clk 00:00:16]} 63. Nc4 {[%clk 00:00:12]} {[%emt 00:00:02]}
Nxc5 {[%clk 00:00:17]} {[%emt 00:00:04]} 64. Ne3 {[%clk 00:00:13]} {[%emt
00:00:04]} Ne4+ {[%clk 00:00:16]} {[%emt 00:00:07]} 65. Kf3 {[%clk 00:00:15]}
{[%emt 00:00:03]} Nd2+ {[%clk 00:00:08]} {[%emt 00:00:13]} 66. Ke2 {[%clk
00:00:18]} {[%emt 00:00:01]} Nb3 {[%clk 00:00:12]} 67. Be5 {[%clk 00:00:20]}
{[%emt 00:00:03]} Kd7 {[%emt 00:02:27]} 68. Nxf5 {[%clk 00:01:09]} {[%emt
00:00:23]} Nc5 {[%clk 00:00:14]} {[%emt 00:00:02]} 69. Nd4 {[%clk 00:00:56]}
{[%emt 00:00:17]} Ne6 {[%clk 00:00:08]} {[%emt 00:00:11]} 70. Kf3 {[%clk
00:00:32]} {[%emt 00:00:29]} Nxf4 {[%clk 00:00:09]} {[%emt 00:00:04]} 71. Kxf4
{[%clk 00:00:34]} {[%emt 00:00:03]} Bb6 {[%clk 00:00:12]} {[%emt 00:00:02]} 72.
Nb5 {[%clk 00:00:36]} {[%emt 00:00:03]} Ke6 {[%clk 00:00:12]} {[%emt 00:00:05]}
73. Ke4 {[%clk 00:00:38]} {[%emt 00:00:03]} Bc5 {[%clk 00:00:06]} {[%emt
00:00:11]} 74. Nc7+ {[%clk 00:00:38]} {[%emt 00:00:05]} Kd7 {[%clk 00:00:10]}
75. Nd5 {[%clk 00:00:38]} {[%emt 00:00:05]} Bd6 {[%clk 00:00:13]} {[%emt
00:00:02]} 76. Bd4 {[%clk 00:00:39]} {[%emt 00:00:03]} Ke6 {[%clk 00:00:17]}
{[%emt 00:00:02]} 77. Ne3 {[%clk 00:00:37]} {[%emt 00:00:07]} Bb4 {[%clk
00:00:18]} {[%emt 00:00:04]} 78. Ng2 {[%clk 00:00:33]} {[%emt 00:00:09]} Bd6
{[%clk 00:00:22]} {[%emt 00:00:01]} 79. Ne1 {[%clk 00:00:36]} {[%emt 00:00:03]}
Bg3 {[%clk 00:00:22]} {[%emt 00:00:05]} 80. Nd3 {[%clk 00:00:39]} Bd6 {[%clk
00:00:26]} 81. Bc3 {[%clk 00:00:42]} {[%emt 00:00:02]} Bc7 {[%clk 00:00:07]}
{[%emt 00:00:24]} 82. Nc5+ {[%clk 00:00:41]} {[%emt 00:00:06]} Kf7 {[%clk
00:00:11]} 83. Kf5 {[%clk 00:00:44]} {[%emt 00:00:02]} Bd6 {[%clk 00:00:12]}
{[%emt 00:00:04]} 84. Ne4 {[%clk 00:00:46]} {[%emt 00:00:03]} Ba3 {[%clk
00:00:10]} {[%emt 00:00:07]} 85. Bf6 {[%clk 00:00:48]} {[%emt 00:00:02]} Bb4
{[%clk 00:00:06]} {[%emt 00:00:10]} 86. Ng5+ {[%clk 00:00:46]} {[%emt
00:00:06]} Ke8 {[%clk 00:00:09]} {[%emt 00:00:03]} 87. Ke6 {[%clk 00:00:49]}
Bd2 {[%clk 00:00:07]} {[%emt 00:00:08]} 88. Ne4 {[%clk 00:00:52]} {[%emt
00:00:02]} Bb4 {[%clk 00:00:09]} {[%emt 00:00:03]} 89. Bg5 {[%clk 00:00:48]}
{[%emt 00:00:09]} Ba3 {[%clk 00:00:08]} {[%emt 00:00:06]} 90. Bh4 {[%clk
00:00:45]} {[%emt 00:00:07]} Bb2 {[%clk 00:00:10]} {[%emt 00:00:04]} 91. Nd6+
{[%clk 00:00:43]} {[%emt 00:00:08]} Kf8 {[%clk 00:00:14]} 92. Nf5 {[%clk
00:00:35]} {[%emt 00:00:13]} Kg8 {[%clk 00:00:18]} {[%emt 00:00:01]} 93. Ne7+
{[%clk 00:00:28]} {[%emt 00:00:11]} Kh7 {[%clk 00:00:20]} {[%emt 00:00:03]} 94.
Bg5 {[%clk 00:00:30]} {[%emt 00:00:03]} Ba3 {[%clk 00:00:18]} {[%emt 00:00:07]}
95. Nd5 {[%clk 00:00:24]} {[%emt 00:00:11]} Kg6 {[%clk 00:00:22]} 96. Bf6
{[%clk 00:00:27]} {[%emt 00:00:02]} Bc1 {[%clk 00:00:19]} {[%emt 00:00:09]} 97.
Ne7 {[%clk 00:00:30]} Kh5 {[%clk 00:00:23]} {[%emt 00:00:01]} 98. Kf5 {[%clk
00:00:33]} {[%emt 00:00:02]} Ba3 {[%clk 00:00:18]} {[%emt 00:00:10]} 99. Nd5
{[%clk 00:00:36]} {[%emt 00:00:02]} Bc1 {[%clk 00:00:20]} {[%emt 00:00:02]} 100.
Bc3 {[%clk 00:00:32]} {[%emt 00:00:10]} Bg5 {[%clk 00:00:15]} {[%emt 00:00:10]}
101. Be5 {[%clk 00:00:33]} {[%emt 00:00:04]} Kh4 {[%clk 00:00:16]} {[%emt
00:00:04]} 102. Nc3 {[%clk 00:00:32]} {[%emt 00:00:06]} Kh5 {[%clk 00:00:18]}
{[%emt 00:00:03]} 103. Ne4 {[%clk 00:00:34]} {[%emt 00:00:02]} Bd8 {[%clk
00:00:11]} {[%emt 00:00:12]} 104. Bf4 {[%clk 00:00:38]} {[%emt 00:00:02]} Bh4
{[%clk 00:00:13]} {[%emt 00:00:04]} 105. Nc5 {[%clk 00:00:32]} {[%emt
00:00:10]} Bg5 {[%clk 00:00:15]} {[%emt 00:00:04]} 106. Be5 {[%clk 00:00:30]}
{[%emt 00:00:06]} Kh4 {[%clk 00:00:14]} {[%emt 00:00:06]} 107. Ne6 {[%clk
00:00:32]} {[%emt 00:00:03]} Be7 {[%clk 00:00:11]} {[%emt 00:00:08]} 108. Nf4
{[%clk 00:00:35]} {[%emt 00:00:02]} Bd8 {[%clk 00:00:08]} {[%emt 00:00:08]} 109.
Ne6 {[%clk 00:00:16]} {[%emt 00:00:24]} Be7 {[%clk 00:00:08]} {[%emt 00:00:04]}
110. Bf4 {[%clk 00:00:16]} {[%emt 00:00:05]} Kh3 {[%clk 00:00:09]} {[%emt
00:00:05]} 111. Ke4 {[%clk 00:00:17]} {[%emt 00:00:04]} Kg4 {[%clk 00:00:11]}
{[%emt 00:00:03]} 112. Nd4 {[%clk 00:00:17]} {[%emt 00:00:05]} Bg5 {[%clk
00:00:12]} {[%emt 00:00:04]} 113. Be5 {[%clk 00:00:19]} {[%emt 00:00:03]} Bc1
{[%clk 00:00:11]} {[%emt 00:00:05]} 114. Nf3 {[%clk 00:00:16]} {[%emt
00:00:08]} Ba3 {[%clk 00:00:11]} {[%emt 00:00:06]} 115. Bf4 {[%clk 00:00:19]}
{[%emt 00:00:02]} Bb2 {[%clk 00:00:10]} {[%emt 00:00:05]} 116. Nh2 {[%clk
00:00:21]} {[%emt 00:00:04]} Kh3 {[%clk 00:00:12]} {[%emt 00:00:03]} 117. Kf3
{[%clk 00:00:25]} Bc3 {[%clk 00:00:09]} {[%emt 00:00:08]} 118. Bg3 {[%clk
00:00:27]} {[%emt 00:00:03]} Bd4 {[%clk 00:00:10]} {[%emt 00:00:04]} 119. Ng4
{[%clk 00:00:27]} {[%emt 00:00:04]} Bb6 {[%clk 00:00:13]} {[%emt 00:00:02]} 120.
Ne5 {[%clk 00:00:29]} {[%emt 00:00:04]} Bc7 {[%clk 00:00:13]} {[%emt 00:00:04]}
121. Nf7 {[%clk 00:00:28]} {[%emt 00:00:06]} Bxg3 {[%clk 00:00:16]} {[%emt
00:00:03]} 122. Ng5 {[%clk 00:00:32]} {[%emt 00:00:01]} Kh4 {[%clk 00:00:20]}
123. Ne4 {[%clk 00:00:34]} {[%emt 00:00:03]} Bb8 {[%clk 00:00:23]} {[%emt
00:00:02]} 1/2-1/2